| 000 | 00476nam a2200181Ia 4500 | ||
|---|---|---|---|
| 003 | IIN | ||
| 005 | 20240109120151.0 | ||
| 008 | 231217s9999 xx 000 0 und d | ||
| 020 |
_cRs.1295.00 _a9788184489798 |
||
| 040 |
_aIIN _bEnglish |
||
| 082 |
_a610.73 _bGOW |
||
| 100 | 1 | _aGowda, S.N. Nanjunde | |
| 245 | 1 |
_aFoundations of Nursing _cS.N. Nanjunde Gowda |
|
| 260 |
_bJaypee _aBengaluru _c2010 |
||
| 300 | _axxvi,[5] 723p. | ||
| 650 | 1 |
_aFoundation _vNursing |
|
| 942 | _cBOOK | ||
| 999 |
_c391 _d391 |
||